000 004650000a22001810004500
003 MACL
005 20150819152212.0
008 150819b xxu||||| |||| 00| 0 eng d
040 _aMACL
_cMACL
041 _aEnglish
082 _a610
100 _aSoman, Krishna
_96269
245 _aMaladies Preventives and Curatives
_bDebates in Public Health in India
260 _bTulika
_c2005
_aNew Delhi
350 _a350
650 _aMedical
_96270
942 _cBK
_k610
_2ddc
999 _c8281
_d8281